The House of Islam (Record no. 610580)

000 -LEADER
fixed length control field 00343nam a22001337a 4500
020 ## - INTERNATIONAL STANDARD BOOK NUMBER
International Standard Book Number 9781408872277
040 ## - CATALOGING SOURCE
Transcribing agency NUST
082 ## - DEWEY DECIMAL CLASSIFICATION NUMBER
Classification number 297
Author Mark HUS
100 ## - MAIN ENTRY--PERSONAL NAME
Personal name Husain Ed
9 (RLIN) 124791
245 ## - TITLE STATEMENT
Title The House of Islam
Remainder of title A Global History
260 ## - PUBLICATION, DISTRIBUTION, ETC.
Place of publication, distribution, etc. London:
Name of publisher, distributor, etc. Bloomsbury Publishing;
Date of publication, distribution, etc. 2018.
650 ## - SUBJECT ADDED ENTRY--TOPICAL TERM
Topical term or geographic name entry element The House of Islam
9 (RLIN) 124792
942 ## - ADDED ENTRY ELEMENTS (KOHA)
Source of classification or shelving scheme
Koha item type Book

No items available.

© 2023 Central Library, National University of Sciences and Technology. All Rights Reserved.